00490nam a2200205Ia 4500001000600000003000500006008004100011010001100052040000900063082001300072100002500085245007300110260003000183300001100213440000500224500000500229503001100234650002300245650001600268Z_136CHAP220113s1987 xx 000 0 und d a163107 cCHAP a575.1 E8 aEtienne - Decant, J. aGenetic biochemistry : from gene t. protein /cby J. Etienne-Decant aNew York :bWiley,c1987 a233 p. a a a148700 aBioquímica I. t. aGenética